| 000 | 00504nam a2200121Ia 4500 | ||
|---|---|---|---|
| 008 | 171212s9999 xx 000 0 und d | ||
| 020 | _a9781925021998 | ||
| 245 |
_ceditor Antoinette, Michelle;Turner, Caroline _aContemporary Asian Art and Exhibitions _bConnectivities and World-making |
||
| 260 |
_bANU E Press _c2014 |
||
| 650 | _aArt & Art History | ||
| 650 | _aArt, Asian; Art, Modern -- 21st century; Intercultural communication in art; Exhibitions | ||
| 856 | _uhttp://www.jstor.org/stable/j.ctt13wwv81 | ||
| 999 |
_c351050 _d351050 |
||